Laguna Grande de Mexcaltitán : carta topográfica /

Carta topográfica de la región circundante a la Laguna Grande de Mexcaltitán. Cubre, hacia el norte, las localidades nayaritas de Unión de Corrientes; al sur, Toro Mocho; al este, El Mezcal, y al oeste, la costa con el Océano Pacífico.

保存先:
書誌詳細
団体著者: Instituto Nacional de Estadística, Geografía e Informática
フォーマット: 地図
版:2a edición
シリーズ:(Carta Topográfica)
主題:
タグ: タグ追加
タグなし, このレコードへの初めてのタグを付けませんか!

MARC

LEADER 00000nem^a2200000^a^4500
001 000156689
005 20250521000000.0
009 20260310100511.668
037 |a Acervo ITESO - Biblioteca 
041 |a GRA 
093 |a F-13-C-18 
110 |a Instituto Nacional de Estadística, Geografía e Informática 
240 1 1 |a [Laguna Grande de Mexcaltitán, materiales cartográficos] 
245 1 0 |a Laguna Grande de Mexcaltitán :  |b carta topográfica /  |c INEGI. 
250 |a 2a edición 
255 |a Escala 1 : 50 000 ;  |b Proyección Universal Transversa de Mercator 
264 |a Aguascalientes, México :  |b Instituto Nacional de Estadística, Geografía e Informática, Dirección General de Geografía,  |c 2002 
300 |a 1 mapa 
336 |a imagen cartográfica estática  |b cri  |2 rdacontenido 
337 |a sin mediación  |b n  |2 rdamedio 
338 |a mapa  |b nz  |2 rdasoporte 
440 1 |a (Carta Topográfica) 
520 |a Carta topográfica de la región circundante a la Laguna Grande de Mexcaltitán. Cubre, hacia el norte, las localidades nayaritas de Unión de Corrientes; al sur, Toro Mocho; al este, El Mezcal, y al oeste, la costa con el Océano Pacífico. 
522 |a Cartas adyacentes: F13A88, F13A89, F13C17, F13C19, F13C28, F13C29 
522 |a Vegetación predominante: agricultura y vegetación silvestre 
522 |a Carta formada por métodos fotogramétricos a partir de fotografías obtenidas en enero de 1999 
546 |a Edición gráfica con texto en español 
649 |a XX 
650 |a Topografía -  |z México 
650 |a Río San Pedro 
650 |a Mexcaltitán (Laguna) 
650 |a Mexcaltitán, Nayarit -  |x Mapas 
650 |a Palma Grande, Nayarit -  |x Mapas 
650 |a Sentispac, Nayarit -  |x Mapas 
650 |a Unión de Corrientes, Nayarit -  |x Mapas 
650 |a El Mezcal, Nayarit -  |x Mapas 
650 |a San Miguel Número Dos, Nayarit -  |x Mapas 
650 |a Campo de los Limones, Nayarit -  |x Mapas 
650 |a Toro Mocho, Nayarit -  |x Mapas 
650 |a San Andrés, Nayarit -  |x Mapas 
650 |a Rancho Nuevo, Nayarit -  |x Mapas 
650 |a Nayarit -  |x Mapas 
650 |a México -  |x Mapas 
910 |a Fondo General 
920 |a Gráficos - Mapas 
905 |a 503 
901 |a 0500047881  |b IT2  |c MAP  |u 20250521 
902 |a https://opac.biblio.iteso.mx/vufind/Record/000156689